000 00834nas a2200265 4500
001 BR2016002164
003 BR-BrBNA
005 20231205130343.0
007 ta
008 230509b bl.|||p| |||| 00| 00por d
040 _aBR-BrBNA
_bpor
_cBiblioteca Nacional de Agricultura
041 _a(Pt)
072 _aE80; E14
100 1 _aAlmeida, L.M. de M.C.
100 1 _aPaulillo, L.F.O. e
100 1 _aMaiorano, A.C.
100 1 _aLouzada, F.
245 1 _aÍndice UFSCar de segurança alimentar para agricultores familiares
650 _aAGRICULTURA FAMILIAR
650 _aSEGURANÇA ALIMENTAR
650 _aPOLÍTICAS PÚBLICAS
773 0 _tRevista de Política Agrícola (Brazil)
_xISSN 1413-4969
_g(Oct-Dec 2015), v. 24(4) p. 82-96
_wBR2016002164
909 _a202311
_bLúcia
_c55
_dLúcia Elande
942 _2AGRIS
_n0
_cANA
999 _c249000
_d249000